Regulation and entry into telecommunications markets

Αποθηκεύτηκε σε:
Λεπτομέρειες βιβλιογραφικής εγγραφής
Κύριος συγγραφέας: Bijl, Paul de 1967-
Άλλοι συγγραφείς: Peitz, Martin
Μορφή: Βιβλίο
Γλώσσα:English
Δημοσίευση: Cambridge, UK ;; New York : Cambridge University Press, c2002
Θέματα:
Ετικέτες: Προσθήκη ετικέτας
Δεν υπάρχουν, Καταχωρήστε ετικέτα πρώτοι!

MARC

LEADER 00000nam a2200000 i 4500
001 1/52138
008 070822r2002 eng d
020 |a 0-521-80837-5 
035 |l 10089919 
040 |a GR-MY-UA  |b gre  |e aacr 
041 0 |a eng 
082 0 |a 384 ΒΙJ  |2 (22) 
100 1 |a Bijl, Paul de  |d 1967- 
245 1 0 |a Regulation and entry into telecommunications markets /  |c Paul de Bijl, Martin Peitz 
260 |a Cambridge, UK ;; New York :   |b Cambridge University Press,   |c c2002 
300 |a xiv, 272 σ.;  |b εικ.;  |c 24 εκ. 
500 |a Το παράρτημα της Χίου διαθέτει την ανατύπωση, 2004 
504 |a Βιβλιογραφία : σ.265-270. Ευρετήριο 
650 0 0 |a Telecommunication policy. 
650 0 0 |a Competition. 
700 1 |a Peitz, Martin. 
852 |a INST  |b CHIOS  |e 20070822  |h 384 BIJ  |p 005200025617  |q 005200025617  |t BK  |y 0 
901 |a BIBL2-2007-2 
909 |a Χ  |b 138162 
922 |a 2ΕΛΗ  |b 200707  |c ΕΠΕΑΕΚ2/ΤΝΕΥ  |d ΠΑΠΑΣΩΤΗΡΙΟΥ 
970 |a ΒΑΡΦΗΣ  |b ΒΑΓΓΕΛΗΣ  |z 2007/08/22